=LDR 00000nam 2200000 4500 =001 INLIS000000000000035 =005 20150113140738.0 =006 =007 =008 nd =035 ##$$0010-061300000000035 =041 ##$$a nd =082 ##$$a 901 =090 ##$$a 901 Kar u =100 ##$$a Kartodirjo, Sartono =245 ##$$a Ungkapan-ungkapan filsafat sejarah barat dan timur, penjelasan berdasarkan kesadaran sejarah / Sartono Kartodirdjo =260 ##$$aJakarta$bGramedia$c1986 =300 ##$$a x,118 hlm. : ilus., ; 22 cm =650 ##$$a Sejarah =650 ##$$a Filsafat =850 ##$$a NBPDMAT